235 câu hỏi và trả lời về Bộ luật Tố tụng dân sự năm 2004

में बचाया:
ग्रंथसूची विवरण
मुख्य लेखक: Trần, Huy Liệu
स्वरूप: पुस्तक
भाषा:Undetermined
प्रकाशित: Hà Nội Tư Pháp 2004
विषय:
टैग : टैग जोड़ें
कोई टैग नहीं, इस रिकॉर्ड को टैग करने वाले पहले व्यक्ति बनें!
Thư viện lưu trữ: Trung tâm Học liệu Trường Đại học Cần Thơ
LEADER 00615nam a2200205Ia 4500
001 CTU_64441
008 210402s9999 xx 000 0 und d
020 |b 25000 
082 |a 347.59705 
082 |b L309 
100 |a Trần, Huy Liệu 
245 0 |a 235 câu hỏi và trả lời về Bộ luật Tố tụng dân sự năm 2004 
245 0 |c Trần Huy Liệu 
260 |a Hà Nội 
260 |b Tư Pháp 
260 |c 2004 
650 |a Civil procedure 
650 |z Vietnam 
904 |i Minh(Nguyên sửa) 
980 |a Trung tâm Học liệu Trường Đại học Cần Thơ